MARC details
| 000 -LEADER |
| campo de control de longitud fija |
02566nam a2200409 i 4500 |
| 001 - NÚMERO DE CONTROL |
| campo de control |
186736 |
| 003 - IDENTIFICADOR DE NÚMERO DE CONTROL |
| campo de control |
ES-MaACL |
| 005 - FECHA Y HORA DE LA ÚLTIMA TRANSACCIÓN |
| campo de control |
20240923063114.0 |
| 008 - DATOS DE LONGITUD FIJA--INFORMACIÓN GENERAL |
| campo de control de longitud fija |
170210s2002 sp a |||| | spa d |
| 017 ## - NÚMERO DE COPYRIGHT O DE DEPÓSITO LEGAL |
| Número de copyright o de depósito legal |
M 45612-2002 |
| 020 ## - NÚMERO INTERNACIONAL ESTÁNDAR DEL LIBRO |
| Número Internacional Estándar del Libro |
8477747318 |
| 040 ## - FUENTE DE CATALOGACIÓN |
| Centro catalogador/agencia de origen |
ES-MaACL |
| Centro/agencia transcriptor |
spa |
| 080 ## - NÚMERO DE LA CLASIFICACIÓN DECIMAL UNIVERSAL |
| Número de la Clasificación Decimal Universal |
27-27 |
| 080 ## - NÚMERO DE LA CLASIFICACIÓN DECIMAL UNIVERSAL |
| Número de la Clasificación Decimal Universal |
27-23:82 |
| 100 1# - ENTRADA PRINCIPAL--NOMBRE DE PERSONA |
| Nombre de persona |
García Gibert, Javier. |
| 9 (RLIN) |
161698 |
| Término indicativo de función/relación |
Autor |
| 245 10 - MENCIÓN DEL TÍTULO |
| Título |
Con sagradas escrituras : |
| Resto del título |
diez ensayos sobre literatura bíblica / |
| Mención de responsabilidad, etc. |
Javier García Gibert. |
| 246 34 - FORMA VARIANTE DEL TITULO |
| Título propio/Titulo breve |
Consagradas escrituras |
| 260 ## - PUBLICACIÓN, DISTRIBUCIÓN, ETC. |
| Lugar de publicación, distribución, etc. |
Madrid : |
| Nombre del editor, distribuidor, etc. |
A. Machado Libros, |
| Fecha de publicación, distribución, etc. |
2002. |
| 300 ## - DESCRIPCIÓN FÍSICA |
| Extensión |
363 p. : |
| Otras características físicas |
il. ; |
| Dimensiones |
24 cm. |
| 490 1# - MENCIÓN DE SERIE |
| Mención de serie |
A. Machado libros literatura y debate crítico ; |
| Designación de volumen o secuencia |
31 |
| 500 ## - NOTA GENERAL |
| Nota general |
Catalogación provisional. N-10069. Depósito J |
| 500 ## - NOTA GENERAL |
| Nota general |
Índice. |
| 504 ## - NOTA DE BIBLIOGRAFÍA, ETC. |
| Nota de bibliografía, etc. |
Referencias bibliográficas. |
| 520 ## - RESUMEN, ETC. |
| Sumario, etc. |
Los ensayos que integran el presente libro (siete sobre el Antiguo y tres sobre el Nuevo Testamento) recogen un proceso de reflexión riguroso y sugerente sobre una parte esencial –aunque poco atendida en los últimos tiempos– de nuestra cultura. Con una visión netamente humanística, que subraya la entidad literaria, la trascendencia ética y la profundidad humana de los libros, textos o motivos seleccionados, el autor nos propone una original hermenéutica para el análisis de la literatura bíblica. Lo que de tópica y rudimentaria tiene la comprensión habitual de este corpus de origen judío, así como sus lecturas unilaterales o especializadas de diverso signo, queda de este modo trascendido por una perspectiva más amplia y ajustada, donde los matices y la evolución interana, así como la estimulante variedad de ámbitos de recepción y la interrelación fecunda con otros códigos y tradiciones son elementos imprescindibles. |
| 630 04 - PUNTO DE ACCESO ADICIONAL DE MATERIA--TÍTULO UNIFORME |
| Título uniforme |
Biblia- |
| Subdivisión general |
Crítica e interpretación. |
| 9 (RLIN) |
119239 |
| 650 #4 - PUNTO DE ACCESO ADICIONAL DE MATERIA--TÉRMINO DE MATERIA |
| Término de materia o nombre geográfico como elemento de entrada |
Biblia y literatura. |
| 9 (RLIN) |
160154 |
| 830 0# - PUNTO DE ACCESO ADICIONAL DE SERIE-TÍTULO UNIFORME |
| Título uniforme |
A. Machado libros literatura y debate crítico ; |
| Designación de volumen o secuencia |
31 |
| 9 (RLIN) |
192593 |
| 852 ## - LOCALIZACIÓN |
| Ubicación |
ES-MaACL |
| Número de control de estantería |
A-14019 |
| itemnumber |
193793 |
| Sublocalización o colección |
R.151310 |
| Ubicación en estantería |
Depósito 1 |
| Signatura antigua |
Olim: N-7019 |
| Encuadernación |
Encuadernación rústica con solapas |
| 852 ## - LOCALIZACIÓN |
| Ubicación |
ES-MaACL |
| Ubicación en estantería |
Depósito J |
| Donativo/Legado |
Donación: Javier García Gibert |
| itemnumber |
203867 |
| Número de control de estantería |
N-10069 |
| Anotaciones manuscritas |
Dedicatoria autógrafa del autor |
| Encuadernación |
Encuadernación rústica con solapas |
| Signatura antigua |
DB-27 |
| 903 ## - NOMBRE PERSONAL DE DONANTE |
| 9 |
161698 |
| a |
García Gibert, Javier |
| e |
Donante |
| 942 ## - ELEMENTOS DE ENTRADA SECUNDARIOS (KOHA) |
| Fuente del sistema de clasificación o colocación |
Clasificación decimal universal |
| Tipo de ítem Koha |
Libro impreso |
| Suprimir en OPAC |
No |